00772nam a22002297a 450000500170000001000130001702000230003003500130005303700160006604000120008208200210009410000340011524501040014924600730025326000550032627000850038130000200046665000120048665000200049865000110051865000130052920170123162342.0 aA-845486 c250.00a8185786984 aA-845486 bCen Lib/Ret aDPLbUR a910.4bک ر ش  aکشمیری لال ذاکر  aیہ صوبہ زندہ رہیگی :cکشمیری لال ذاکر bسفرنامہ پاکستان / aYeh subah zinda rahegi : safarnama Pakistan /bby Kashmiri Lal Zakir aنیی دہلی bسیمانت پرکاشن c1997 a٩٢٢، کچہ روھللہ خان ، دریاگنج bنیی دہلی e110002 a205p.c21cm(Hb) a سفر aپاکستان  aTravel aPakistan